| 000 | 00504nam a2200157Ia 4500 | ||
|---|---|---|---|
| 999 |
_c20193 _d20193 |
||
| 003 | OSt | ||
| 005 | 20200625142834.0 | ||
| 008 | 190216s9999||||xx |||||||||||||| ||und|| | ||
| 040 | _coclc | ||
| 082 |
_a954 _bSAN/B |
||
| 100 |
_aSankaran, Thayat _93240 |
||
| 245 | 0 |
_aBharatiya Vidyabhyasam Charitravum Vartamanakala Parasnangalum / _cThayat Sankaran |
|
| 260 |
_bKerala Sastra Sahithya Parishad, _c1989. _aTrivandrum: |
||
| 300 | _a462p | ||
| 942 |
_cBK _2ddc _h954 _iSAN/B _k954 _mSAN/B |
||